Implementación del análisis de aceite usado, como herramienta de mantenimiento predictivo (Registro nro. 2534)

Detalles MARC
000 -LEADER
campo de control de longitud fija 02482nam a22003617a 4500
001 - NÚMERO DE CONTROL
campo de control 42835
003 - IDENTIFICADOR DE NÚMERO DE CONTROL
campo de control gtgccic
005 - FECHA Y HORA DE LA ÚLTIMA TRANSACCIÓN
campo de control 20251119105424.0
007 - CAMPO FIJO DE DESCRIPCIÓN FÍSICA--INFORMACIÓN GENERAL
campo de control de longitud fija ta
008 - DATOS DE LONGITUD FIJA--INFORMACIÓN GENERAL
campo de control de longitud fija 251119b gt ||||| |||| 00| 0 spa d
040 ## - FUENTE DE CATALOGACIÓN
Centro catalogador/agencia de origen gtgccic
Lengua de catalogación spa
Centro/agencia transcriptor gtgccic
Normas de descripción rda
084 ## - OTRO NÚMERO DE CLASIFICACIÓN
Número de control del registro de autoridad o número normalizado TPI-17-0120
100 10 - ENTRADA PRINCIPAL--NOMBRE DE PERSONA
Nombre de persona Luis Francisco Girón Álvarez
Fechas asociadas al nombre Ingeniero en Ciencias Navales
Término indicativo de función/relación autor
245 10 - MENCIÓN DEL TÍTULO
Título Implementación del análisis de aceite usado, como herramienta de mantenimiento predictivo
Resto del título aplicado a las máquinas propulsoras del guardacostas GC-653 Azumanche, del Comando Naval del pacífico /
Mención de responsabilidad, etc. Girón Álvarez, Luis Francisco
264 #1 - PRODUCCIÓN, PUBLICACIÓN, DISTRIBUCIÓN, FABRICACIÓN Y COPYRIGHT
Producción, publicación, distribución, fabricación y copyright Guatemala, Guatemala :
Nombre del de productor, editor, distribuidor, fabricante USAC, Facultad de Ingeniería ;
Fecha de producción, publicación, distribución, fabricación o copyright 2017 .-
300 ## - DESCRIPCIÓN FÍSICA
Extensión xxiii, 88 p. :
Otras características físicas il. ;
Dimensiones 27 cm
336 ## - TIPO DE CONTENIDO
Fuente rdacontenido
Término de tipo de contenido Texto
Código de tipo de contenido txt
337 ## - TIPO DE MEDIO
Fuente rdamedio
Nombre/término del tipo de medio sin mediación
Código del tipo de medio n
338 ## - TIPO DE SOPORTE
Fuente rdasoporte
Nombre/término del tipo de soporte volumen
Código del tipo de soporte nc
502 ## - NOTA DE TESIS
Nota de tesis Tesis Postgrado
Tipo de título MAESTRO EN ARTES EN INGENIERÍA EN MANTENIMIENTO
Nombre de la institución que otorga el título USAC, Facultad de Ingeniería, Escuela de Postgrado
Año de obtención del título 2017
Identificador de la tesis TPI-17-0120
504 ## - NOTA DE BIBLIOGRAFÍA, ETC.
Nota de bibliografía, etc. Nota Bibliografía pag. 87
505 ## - NOTA DE CONTENIDO CON FORMATO
Título 1. MARCO TEÓRICO (operatividad de los Guardacostas de la Marina)
505 ## - NOTA DE CONTENIDO CON FORMATO
Título 2. MÉTODO DE ANÁLISIS APLICADO AL ACEITE DE LAS MÁQUINAS DEL SISTEMA DE PROPULSIÓN DEL GC-653 AZUMANCHE
505 ## - NOTA DE CONTENIDO CON FORMATO
Título 3. PRESENTACIÓN DE RESULTADOS DEL ESTADO DE LAS MÁQUINAS PROPULSORAS DEL GC-653 AZUMANCHE
505 ## - NOTA DE CONTENIDO CON FORMATO
Título 4. PROPUESTA DE PROTOCOLO DE MANTENIMIENTO BASADO EN ANÁLISIS DE ACEITE USADO, PARA APLICAR A LAS MÁQUINAS PROPULSORAS DEL GC-653 AZUMANCHE
520 ## - RESUMEN, ETC.
Sumario, etc. El arte de conducirse de un punto a otro sobre el nivel del mar se denomina navegación; término muy importante a nivel internacional pues la economía de la mayoría de los países depende de las importaciones y exportaciones que se realizan, las cuales en su mayaoría son por vía marítima. Guatemala es un país que también basa su economía en las importaciones y exportaciones de productos a través de la vía marítima; para esto cuenta con cuatro puertos de altura. Para garantizar la seguridad de las embarcaciones tanto mercantes, pesqueras, de recreación y artesanales, se hace necesaria la presencia de la Marina de la Defensa Nacional, mediante el uso de sus embarcaciones, para ello se hace necesario el perfecto estado de las mismas.
650 ## - PUNTO DE ACCESO ADICIONAL DE MATERIA--TÉRMINO DE MATERIA
Término de materia o nombre geográfico como elemento de entrada ACEITE
650 ## - PUNTO DE ACCESO ADICIONAL DE MATERIA--TÉRMINO DE MATERIA
Término de materia o nombre geográfico como elemento de entrada MÁQUINAS PROPULSORAS
650 ## - PUNTO DE ACCESO ADICIONAL DE MATERIA--TÉRMINO DE MATERIA
Término de materia o nombre geográfico como elemento de entrada BASE NAVAL
700 ## - ENTRADA AGREGADA--NOMBRE PERSONAL
Nombre de persona M.Sc. Luis Fernando Guillén Fernández
Término indicativo de función/relación asesor
942 ## - ELEMENTOS DE ENTRADA SECUNDARIOS (KOHA)
Fuente de la clasificación o esquema de estantería Clasificación Decimal Dewey
Tipo de ítem Koha TESISPOSTGRADO
945 ## - PROCESAMIENTO DE INFORMACIÓN LOCAL (OCLC)
a amlo
Existencias
Estatus retirado Estado de pérdida Fuente de la clasificación o esquema de estantería Estado de daño No para préstamo Biblioteca de origen Biblioteca actual Fecha de adquisición Número de inventario Total de préstamos Signatura topográfica completa Código de barras Visto por última vez Precio de reemplazo Tipo de ítem Koha Nota pública
    Clasificación Decimal Dewey     CENTRO DE INFORMACIÓN A LA CONSTRUCCIÓN-CICON CENTRO DE INFORMACIÓN A LA CONSTRUCCIÓN-CICON 19/11/2025 P20170120   TPI-17-0120 20170120 19/11/2025 19/11/2025 TESISPOSTGRADO disponible